000 00519nam a2200205Ia 4500
003 BUBTL
008 151213s9999 xx 000 0 und d
020 _a81-2030516-7
082 _a005.1BAD
100 _a Bach, Maurice J.
_9761
245 _aThe Design of The UNIX Operating Systems
_cMaurice J. Boch
260 _aNew Delhi
_bPrantic Hall
_c1986
300 _a5206 p.
650 _aComputer
650 _aComputer
700 _aMaurice J. Boch
856 _k0
_l0
_yDownload
942 _2ddc
_cBK
999 _c3215
_d3215